Sports Quiz

Random Sports Quiz

NASCAR Families 2 Quiz Stats

 Plays Quiz not verified by Sporcle

Challenge
Share
Tweet
Score 0/34 Timer 07:00
0 Plays Today
% Correct
Bobby Jr
94.7%
Bobby Sr
94.7%
Martin Jr
93%
Johnny
91.2%
Joe
91.2%
Joe
91.2%
Ricky
91.2%
Ron Jr
89.5%
Ron Sr
87.7%
Greg
86%
Tony Sr
84.2%
Tony Jr
84.2%
Ryan
84.2%
Robert
84.2%
J.D
80.7%
Todd
77.2%
John
68.4%
% Correct
Herb
68.4%
Doug
66.7%
Jay
61.4%
Andy
61.4%
Brad
56.1%
Ron
56.1%
Ryan
52.6%
Ken
52.6%
Tommy
50.9%
Scott
50.9%
Buddy
49.1%
Tim
49.1%
Ronnie
47.4%
Robert
43.9%
Donald
31.6%
Marty
26.3%
Jason
21.1%

You're not logged in!

Compare scores with friends on all Sporcle quizzes.
OR
Log In

You Might Also Like...

Show Comments

Extras

Top Quizzes Today


Score Distribution

Your Account Isn't Verified!

In order to create a playlist on Sporcle, you need to verify the email address you used during registration. Go to your Sporcle Settings to finish the process.

Report this User

Report this user for behavior that violates our Community Guidelines.

Details: